000 00657nam a22002057a 4500
003 NUST - PNEC
005 20170116181204.0
008 160222b xxu||||| |||| 00| 0 eng d
020 _a9788185749532
020 _a8185749531
040 _cLIBRARY
082 _a621.317 GUP
100 _916574
_aGupta, B.R.
245 _aPower electronics
_cB.R. Gupta
260 _aNew Delhi
_bS.K. Kataria & Sons
_cc.2014
300 _a599 p. :
650 _916575
_aPower electronics
_xEE / EL
856 _uhttp://www.amazon.com/Power-Electronics-B-R-Gupta/dp/8185749531/ref=sr_1_1?s=books&ie=UTF8&qid=1456117976&sr=1-1&keywords=9788185749532
942 _2ddc
_cBK
999 _c71565
_d71565